000 00346nam a2200133Ia 4500
008 100328s9999 xx 000 0 und d
082 _b49274
100 _aपानवलकर श्री.दा.
245 _aसंजारी.
260 _bमौज
630 _aसंजारी.
730 _aसंजारी.
942 _cBOOK
999 _c536699
_d536696